000 00661nam a2200229 a 4500
008
020 _a008012593X (cased)
049 _aMAIN
090 0 1 _aQA8.4
_bHOR
100 1 _aHoradam, A. F.
245 1 0 _aOutline course of pure mathematics /
_cA. F. Horadam.
260 _aOxford :
_bPergamon Press,
_c1968.
300 _axvi, 578 p. :
_bill. ;
_c24 cm.
504 _aIncludes bibliographical references : p. xv-xvi.
500 _aIncludes index.
650 0 _aMathematics.
907 _a.b10088027
_b17-03-09
_c06-09-03
003
005 20230123133414.0
040 _cNUST
942 _cBOOKS
_kQA8.4
_mHOR
999 _c148030
_d148030